|
|
|
|
| LEADER |
02153nam a2200565 i 4500 |
| 001 |
nkc20172932422 |
| 003 |
CZ PrNK |
| 005 |
20171107103758.0 |
| 007 |
ta |
| 008 |
171005t20172017xr a e f 000 0 eng |
| 015 |
|
|
|a cnb002932422
|
| 020 |
|
|
|a 978-80-7278-722-7
|q (brožováno) :
|c neprodejné
|
| 035 |
|
|
|a (OCoLC)1011104370
|
| 040 |
|
|
|a ABA001
|b cze
|e rda
|
| 043 |
|
|
|a e-xr---
|
| 045 |
|
|
|a y0y1
|
| 072 |
|
7 |
|a 356
|x Vojenská služba. Pěchota
|2 Konspekt
|9 15
|
| 080 |
|
|
|a 355.1
|2 MRF
|
| 080 |
|
|
|a 356/358
|2 MRF
|
| 080 |
|
|
|a (437.3)
|2 MRF
|
| 080 |
|
|
|a (036)
|2 MRF
|
| 100 |
1 |
|
|a Pošustová, Alena
|7 hka2017954215
|4 aut
|
| 245 |
1 |
0 |
|a 42nd Mechanized Battalion /
|c Alena Pošustová, Ivo Pejčoch, Jiří Pešek, Michal Baka
|
| 246 |
1 |
|
|i Název v tiráži:
|a 42nd Mechanized Battalion „St. Wenceslas“
|
| 250 |
|
|
|a 1st edition
|
| 264 |
|
1 |
|a Praha :
|b Ministry of Defence of the Czech Republic - Military History Institute Praha,
|c [2017]
|
| 264 |
|
4 |
|c ©2017
|
| 300 |
|
|
|a 15 stran :
|b barevné ilustrace ;
|c 21 cm
|
| 336 |
|
|
|a text
|b txt
|2 rdacontent
|
| 337 |
|
|
|a bez média
|b n
|2 rdamedia
|
| 338 |
|
|
|a svazek
|b nc
|2 rdacarrier
|
| 500 |
|
|
|a Název z obálky
|
| 610 |
1 |
7 |
|a Česko.
|b Armáda.
|b Mechanizovaný prapor, 42.
|7 mzk2016924698
|2 czenas
|
| 648 |
|
4 |
|a 2000-2017
|
| 648 |
|
7 |
|a 20.-21. století
|7 ch462155
|2 czenas
|
| 650 |
0 |
7 |
|a ozbrojené síly
|7 ph123886
|z Česko
|y 20.-21. století
|2 czenas
|
| 650 |
0 |
7 |
|a pozemní vojsko
|7 ph124472
|z Česko
|2 czenas
|
| 650 |
0 |
9 |
|a armed forces
|z Czechia
|y 20th-21st centuries
|2 eczenas
|
| 650 |
0 |
9 |
|a land forces
|z Czechia
|2 eczenas
|
| 655 |
|
7 |
|a informační publikace
|7 fd132454
|2 czenas
|
| 655 |
|
9 |
|a information publications
|2 eczenas
|
| 700 |
1 |
|
|a Pejčoch, Ivo,
|d 1962-2019
|7 jn20001227197
|4 aut
|
| 700 |
1 |
|
|a Pešek, Jiří,
|d 1975-
|7 jx20080325023
|4 aut
|
| 700 |
1 |
|
|a Baka, Michal
|7 jo2016925441
|4 aut
|
| 910 |
2 |
|
|a BOA001
|b 2-1395.735
|
| 928 |
9 |
|
|a Ministerstvo obrany České republiky - Vojenský historický ústav Praha
|
| 990 |
|
|
|a BK
|
| 995 |
|
|
|a 01
|
| 991 |
|
|
|b 201710
|c NOV
|
| 996 |
6 |
|
|b 2610720995
|c 2-1395.735
|l MZK
|r Sklad / do 1 hodiny
|n 0
|p p.v.
|w 001633719
|u 000010
|a 1
|e BOA001
|j MZK50
|s P
|